000 00505nmm a2200157Ia 4500
008 251105s9999||||xx |||||||||||||||||und||
020 _a9789972428869
041 _aspa
100 _aCastro, Augusto
245 0 _aLa filosofía entre nosotros :
_b Cinco siglos de filosofía en el Perú
264 _a[Lima, Peru] :
_bPontificia Universidad Católica de Perú,
_c2009
300 _a352 páginas
650 _aPhilosophy, Ethics
856 _uhttps://public.digitaliapublishing.com/a/9793
942 _cCF
999 _c97893
_d97893